Protocolo para la identificación de discriminación contra las personas que viven con el VIH /
Wedi'i Gadw mewn:
| Awduron Corfforaethol: | , |
|---|---|
| Fformat: | Texto |
| Cyhoeddwyd: |
Ginebra:
ONUSIDA
|
| Pynciau: | |
| Tagiau: |
Ychwanegu Tag
Dim Tagiau, Byddwch y cyntaf i dagio'r cofnod hwn!
|
MARC
| LEADER | 00000 a a2200000 04500 | ||
|---|---|---|---|
| 001 | 28162 | ||
| 003 | |||
| 040 | |||
| 020 | |a 92-9173-129-3 | ||
| 090 | |a CIDCACS-CR: 187700 | ||
| 110 | |a ONUSIDA | ||
| 245 | |a Protocolo para la identificación de discriminación contra las personas que viven con el VIH / |c ONUSIDA | ||
| 260 | |a Ginebra: |b ONUSIDA | ||
| 300 | |a 40 p |b **no definido** | ||
| 650 | |a SIDA | ||
| 650 | |a DISCRIMINACION | ||
| 650 | |a DERECHOS HUMANOS | ||
| 650 | |a SALUD PUBLICA | ||
| 650 | |a METODOLOGIA | ||
| 710 | |a UNICEF |a PNUD |a FNUAP |a PNUFID |a UNESCO |a OMS |a BANCO MUNDIAL | ||
| 999 | |c 11877 |d 11877 | ||



